GLA housing proposals (Record no. 64550)
[ view plain ]
| 000 -LEADER | |
|---|---|
| fixed length control field | 00815cam a2200217 4500 |
| 001 - CONTROL NUMBER | |
| control field | WB3634-18 |
| 008 - FIXED-LENGTH DATA ELEMENTS--GENERAL INFORMATION | |
| fixed length control field | 000000n2000 000 0 eng u |
| 035 ## - SYSTEM CONTROL NUMBER | |
| System control number | (Sirsi) u108048 |
| 245 ## - TITLE STATEMENT | |
| Title | GLA housing proposals |
| 260 ## - PUBLICATION, DISTRIBUTION, ETC. | |
| Date of publication, distribution, etc. | 2000 |
| 490 ## - SERIES STATEMENT | |
| Series statement | Municipal Journal |
| Volume/sequential designation | 25 August 2000, 4(1) |
| 520 ## - SUMMARY, ETC. | |
| Summary, etc. | Article discusses the Greater London Authority's affordable housing proposals. Among the proposals, the GLA suggests that London authorities should be given the right to turn down right to buy schemes in areas lacking in affordable housing. GLA consultation available via the GLA website www.london.gov.uk. |
| 590 ## - LOCAL NOTE (RLIN) | |
| Local note | WB |
| 650 ## - SUBJECT ADDED ENTRY--TOPICAL TERM | |
| Topical term or geographic name entry element | RIGHT TO BUY |
| 650 ## - SUBJECT ADDED ENTRY--TOPICAL TERM | |
| Topical term or geographic name entry element | GREATER LONDON AUTHORITY |
| 650 ## - SUBJECT ADDED ENTRY--TOPICAL TERM | |
| Topical term or geographic name entry element | GLA |
| 650 ## - SUBJECT ADDED ENTRY--TOPICAL TERM | |
| Topical term or geographic name entry element | SOCIAL HOUSING |
| 650 ## - SUBJECT ADDED ENTRY--TOPICAL TERM | |
| Topical term or geographic name entry element | HOUSING POLICY |
| 690 ## - LOCAL SUBJECT ADDED ENTRY--TOPICAL TERM (OCLC, RLIN) | |
| Topical term or geographic name as entry element | HOUSING |
| 942 ## - ADDED ENTRY ELEMENTS (KOHA) | |
| Suppress in OPAC | 0 |
| Withdrawn status | Lost status | Source of classification or shelving scheme | Damaged status | Not for loan | Home library | Current library | Shelving location | Date acquired | Total Checkouts | Full call number | Barcode | Date last seen | Copy number | Price effective from | Koha item type |
|---|---|---|---|---|---|---|---|---|---|---|---|---|---|---|---|
| Dewey Decimal Classification | London | London | Books | 30/08/2000 | WB3634-18 | 108048-1001 | 06/08/2019 | 1 | 06/08/2019 | Book |